000 00600nam a2200205Ia 4500
005 20250508165743.0
008 008 250505s9999 xx 000 0 hin d
037 _aBooks to be hide in OPAC
040 _aFEDL
_beng
_cFEDL
041 _ahin
_2eng
084 _a510, VAI /O
_qFEDL
100 _aVaid Shambhunarayan
_9781820
245 0 _aMero ganit mero serofero: Kaksha 3, Khand 3
245 0 _cShiksha Sanskriti tatha Samajkalyan Mantralya
260 _c1994
300 _a116p.
700 _a Tuladhar Sudma
_9781821
942 _cHB
_h510, VAI /O
999 _c1397265
_d1397265